00336nam a2200121 a 450000500170000000800410001702000180005805000230007624500250009926000690012430000110019365000100020420140513081050.0020906s19uu xx 00 eng d a1-919744-20-7 aP 784.19bMUS 2000 aMusical instruments. aJohannesburg, South Africa :bThe Chart Studio (Pty) Ltd,c2000. aPoster aTitle